Laddar...

Car launch the human side of managing change

Bibliografiska uppgifter
Huvudupphovsman: Roth,George
Övriga upphovsmän: Kleiner,Art
Materialtyp: Printed Book
Språk:English
Publicerad: New York Oxford University Press 2000
Ämnen:
LEADER 00605nam a22001817a 4500
005 20160820112504.0
008 091001t xxu||||| |||| 00| 0 eng d
082 |a 658.3.01  |b ROT 
100 |a Roth,George  |9 3299 
245 |a Car launch  |b the human side of managing change 
300 |a xxvii,222p. 
653 |a carLaunch  |a automobile industry 
700 |a Kleiner,Art  |9 3298 
942 |c BK  |6 _ 
260 |a New York  |b Oxford University Press  |c 2000 
020 |a 0195129466 
999 |c 171031  |d 171031 
952 |0 0  |1 0  |2 ddc  |4 0  |6 658301_ROT  |7 0  |9 222196  |a DAE  |b DAE  |d 2009-10-01  |o 658.3.01 ROT  |p ECO08034  |r 2016-08-20  |w 2016-08-20  |y BK